00955nam a2200229 a 450000100100000000500170001000800410002704000250006808200260009310000230011924500660014225000110020826000480021930000170026750400730028450500550035765000700041265000700048265000480055295201080060099900170070800001621620200929164325.0100301s1949 dr r 000 0 spa d aDO-SdBNPbspacBNPHU a347.7293bT231e, 19491 aTavares, F.93620910aElementos de derecho procesal civil dominicano /cF. Tavares. a2a ed. aCiudad Trujillo :bEditora Montalvo,c1949. av. ;c24 cm. aIncluye referencias bibliográficas y notas al pie de las páginas2 av. 2. La competencia -- El proceso -- La sentencia 4aProcedimiento penalxLegislaciónzRepública Dominicana916571 4aProcedimiento penalxLegislaciónzRepública Dominicana916571 4aDerecho civilzRepública Dominicana91058 001050718RVaPDbPDcHDd2010-03-01iLF1l0ov. 2p16216-10r2020-06-25w2020-06-25y1ZNo se presta c15754d15754